| 000 | 01092cam a22003375a 4500 | ||
|---|---|---|---|
| 001 | 4575 | ||
| 003 | FISKH | ||
| 005 | 20250513092209.0 | ||
| 008 | 100518s2011 nyua b 000 1 eng | ||
| 010 | _a 2010928921 | ||
| 020 | _a9780060835620 (trade bdg.) | ||
| 020 | _a9780060835613 (pbk. bdg.) | ||
| 040 |
_aDLC _cDLC _beng |
||
| 050 | _aPZ7.M462 | ||
| 082 | _a428 | ||
| 100 | 1 |
_aMayer, Mercer, _d1943- |
|
| 245 | 1 | 2 |
_aA green, green garden / _cby Mercer Mayer. |
| 260 |
_aNew York : _bHarper, _c2011. |
||
| 300 |
_a32 pages : _bcolor illustrations ; _c23 cm |
||
| 490 | 0 | _aI can read! My first shared reading | |
| 500 | _a"Mercer Mayer's Little critter"--Cover. | ||
| 505 | _aG | ||
| 520 | _aLittle Critter and his family plant vegetables and after lots of watering, weeding, and waiting discover that you can grow and eat your own food. | ||
| 521 |
_a360
_bLexile |
||
| 521 |
_aG
_bRaz-Plus |
||
| 650 | 1 |
_aGardening _vFiction. |
|
| 650 | 1 |
_aVegetables _vFiction |
|
| 906 |
_a7 _bcbc _corignew _d2 _eepcn _f20 _gy-gencatlg |
||
| 942 |
_2ddc _cBK _n0 |
||
| 999 |
_c4575 _d4575 |
||